000
00268nam a22001217a 4500
003
SGT
082
_a
641.3
_b
I16S
100
_a
SETHI, MOHINI
245
_a
INSTITUTIONAL FOOD MANAGEMENT
260
_a
DELHI
_b
NEW AGE PUB.
_c
2016
300
_a
624
942
_2
ddc
_c
BK
_0
95
999
_c
12085
_d
12085